Dutch Geography - Statistics

General Stats
  • This quiz has been taken 92 times
    77 since last reset
  • The average score is 11 of 15
Answer Stats
Hint Answer % Correct
Capital of the Netherlands Amsterdam
100%
City with the Same name as the Province Groningen | Utrecht
94%
Biggest Port of Europe Rotterdam
94%
Most Southern Province in the Netherlands Limburg
91%
City Where the Government is Located The Hague
91%
Province that was a Sea Before Flevoland
87%
Neighbouring Country Germany | Belgium
86%
Capital of the Above Maastricht
81%
Lake that was a Sea Before Lake IJssel | Lake Marker
80%
One of Five Main Islands in the Wadden Sea Texel
70%
Name of the Water Works in Zeeland Delta Works
67%
Town Known for its Weird Borders Baarle-Nassau
55%
Official Language Spoken in a Northern Province Frysian
39%
Dutch Village East of the 'Afsluitdijk' with the Same Name as a Swiss City Zurich
39%
One of the Last Extensive Areas of Freshwater Tidal Wetlands in Northwestern Europe Biesbosch National Park
14%
No matching quizzes found
Score Distribution
Percent of People with Each Score
Percentile by Number Answered
Your Score History
You have not taken this quiz since the last reset